000 00781cam a2200229 i 4500
001 000001637
005 20240305134529.0
008 760212s1975 nmub b 001 0 eng
020 _a0826303919 :
040 _aDO-SdBNP
_cDLC
_dDLC
082 _a327.52085
_bG221j
100 1 _aGardiner, C. Harvey,
_q(Clinton Harvey)
_d1939-2000
_95354
245 1 4 _aThe Japanese and Peru, 1873-1973 /
_cC. Harvey Gardiner.
260 _aAlbuquerque :
_bUniversity of New Mexico Press,
_cc1975.
300 _axiii, 202 p. :
_bmap ;
_c24 cm.
504 _aBibliografía: p. 181-191.
500 _aIncluye índice.
651 4 _aPerú
_xRelaciones Exteriores
_zJapón.
_95355
651 4 _aJapón
_xRelaciones Exteriores
_zPerú
_95356
910 _aCatalogación por copia / LC
049 _aBNGR
999 _c1526
_d1526